<?xml version="1.0" encoding="UTF-8"?>
<record
    xmlns:xsi="http://www.w3.org/2001/XMLSchema-instance"
    xsi:schemaLocation="http://www.loc.gov/MARC21/slim http://www.loc.gov/standards/marcxml/schema/MARC21slim.xsd"
    xmlns="http://www.loc.gov/MARC21/slim">

  <leader>00554nam a22002057a 4500</leader>
  <controlfield tag="003">0</controlfield>
  <controlfield tag="005">20160609165317.0</controlfield>
  <controlfield tag="008">100121t        xxu||||| |||| 00| 0 eng d</controlfield>
  <datafield tag="022" ind1=" " ind2=" ">
    <subfield code="a">1020-7244</subfield>
  </datafield>
  <datafield tag="040" ind1=" " ind2=" ">
    <subfield code="a">BIDOC</subfield>
    <subfield code="b">fr</subfield>
    <subfield code="c">bidoc</subfield>
  </datafield>
  <datafield tag="110" ind1=" " ind2=" ">
    <subfield code="a">FAO</subfield>
    <subfield code="9">2975</subfield>
  </datafield>
  <datafield tag="245" ind1=" " ind2=" ">
    <subfield code="a">Commission g&#xE9;n&#xE9;rale des p&#xEA;ches pour la M&#xE9;diterran&#xE9;e</subfield>
  </datafield>
  <datafield tag="260" ind1=" " ind2=" ">
    <subfield code="a">Rome</subfield>
    <subfield code="b">FAO</subfield>
    <subfield code="c">2009</subfield>
  </datafield>
  <datafield tag="300" ind1=" " ind2=" ">
    <subfield code="a">vi-132 p.</subfield>
    <subfield code="b">couv. ill. en coul.</subfield>
    <subfield code="c">30 cm.</subfield>
  </datafield>
  <datafield tag="440" ind1=" " ind2=" ">
    <subfield code="a">Rapport CGPM</subfield>
    <subfield code="n">33</subfield>
    <subfield code="9">2976</subfield>
  </datafield>
  <datafield tag="650" ind1=" " ind2=" ">
    <subfield code="a">P&#xEA;che</subfield>
    <subfield code="9">2977</subfield>
  </datafield>
  <datafield tag="650" ind1=" " ind2=" ">
    <subfield code="a">Navire</subfield>
    <subfield code="9">2978</subfield>
  </datafield>
  <datafield tag="650" ind1=" " ind2=" ">
    <subfield code="a">M&#xE9;diterran&#xE9;e</subfield>
    <subfield code="9">2979</subfield>
  </datafield>
  <datafield tag="942" ind1=" " ind2=" ">
    <subfield code="c">LIVR</subfield>
  </datafield>
  <datafield tag="999" ind1=" " ind2=" ">
    <subfield code="c">46769</subfield>
    <subfield code="d">46769</subfield>
  </datafield>
  <datafield tag="952" ind1=" " ind2=" ">
    <subfield code="0">0</subfield>
    <subfield code="1">0</subfield>
    <subfield code="4">0</subfield>
    <subfield code="7">0</subfield>
    <subfield code="a">BIDOC</subfield>
    <subfield code="b">BIDOC</subfield>
    <subfield code="d">2010-01-21</subfield>
    <subfield code="e">FAO</subfield>
    <subfield code="l">0</subfield>
    <subfield code="o">PA.2009.008</subfield>
    <subfield code="r">2010-01-21 00:00:00</subfield>
    <subfield code="t">A.11569</subfield>
    <subfield code="w">2010-01-21</subfield>
    <subfield code="y">LIVR</subfield>
  </datafield>
</record>
